Statistics for Top U.S. Cash Crops

Click here to take the quiz!

General Stats

  • This quiz has been taken 36,706 times
    (7,921 since last reset)
  • The average score is 15 of 27

Answer Stats

$ ValueChange
since 1997
Crop% Correct
52.9 bil+116%Corn
98%
8.88 bil+3%Wheat
94%
3.01 bil+78%Apple
86%
1.71 bil-11%Orange
82%
4.14 bil+59%Potato
79%
1.60 bil+28%Tomato
69%
31.2 bil+76%Soybean
68%
6.62 bil+145%Grape
65%
3.49 bil+117%Lettuce
61%
2.46 bil+42%Rice
61%
1.02 bil+16%Cottonseed
60%
2.67 bil+194%Strawberry
60%
6.01 bil-2%Cotton
60%
0.863 bil+96%Carrot
59%
1.18 bil-1%Sugarbeet
58%
0.761 bil-18%Barley
54%
1.15 bil+44%Sugarcane
53%
0.946 bil-69%Tobacco
53%
1.00 bil+54%Onion
48%
1.13 bil+22%Peanut
44%
5.49 bil+408%Almond
39%
0.872 bil+76%Broccoli
36%
18.2 bil+36%Hay
35%
0.878 bil+183%Walnut
28%
1.15 bil-21%Sorghum
20%
1.13 bil+48%Mushroom
17%
2.62 bil+1188%Pistachio
13%

Score Distribution

Percentile by Number Answered

Percent of People with Each Score

Your Score History

You have not taken this quiz since the last reset